<?xml version="1.0" encoding="UTF-8"?>
<record
    xmlns:xsi="http://www.w3.org/2001/XMLSchema-instance"
    xsi:schemaLocation="http://www.loc.gov/MARC21/slim http://www.loc.gov/standards/marcxml/schema/MARC21slim.xsd"
    xmlns="http://www.loc.gov/MARC21/slim">

  <leader>01334nam a22002297a 4500</leader>
  <controlfield tag="005">20250310111150.0</controlfield>
  <controlfield tag="008">250310b           ||||| |||| 00| 0 eng d</controlfield>
  <datafield tag="020" ind1=" " ind2=" ">
    <subfield code="a">9789356962323</subfield>
  </datafield>
  <datafield tag="040" ind1=" " ind2=" ">
    <subfield code="c">AL</subfield>
  </datafield>
  <datafield tag="041" ind1=" " ind2=" ">
    <subfield code="a">eng</subfield>
  </datafield>
  <datafield tag="082" ind1=" " ind2=" ">
    <subfield code="2">23</subfield>
    <subfield code="a">612.015</subfield>
    <subfield code="b">CHAT</subfield>
  </datafield>
  <datafield tag="100" ind1=" " ind2=" ">
    <subfield code="a">Chatterjea M N</subfield>
    <subfield code="9">205333</subfield>
  </datafield>
  <datafield tag="245" ind1=" " ind2=" ">
    <subfield code="a">Textbook of medical biochemistry</subfield>
  </datafield>
  <datafield tag="250" ind1=" " ind2=" ">
    <subfield code="a">9th ed.</subfield>
  </datafield>
  <datafield tag="260" ind1=" " ind2=" ">
    <subfield code="a">New Delhi</subfield>
    <subfield code="b">Jaypee brothers medical publishers</subfield>
    <subfield code="c">2023</subfield>
  </datafield>
  <datafield tag="300" ind1=" " ind2=" ">
    <subfield code="a">xviii,876p.</subfield>
    <subfield code="b">PB</subfield>
    <subfield code="c">26.7x20.3cm.</subfield>
  </datafield>
  <datafield tag="365" ind1=" " ind2=" ">
    <subfield code="2">General</subfield>
    <subfield code="a">VBI-2367</subfield>
    <subfield code="b">&#x20B9;1646.25</subfield>
    <subfield code="c">&#x20B9;</subfield>
    <subfield code="d">&#x20B9;2195.00</subfield>
    <subfield code="e">25%</subfield>
    <subfield code="f">28-02-2025</subfield>
  </datafield>
  <datafield tag="520" ind1=" " ind2=" ">
    <subfield code="a">"A fully revised and updated text. Written in simple and lucid language as per the MCI syllabus. Presents an intelligent and comprehensive study. Enriched with relevant subject information of medical biochemistry. Covers basics of biochemistry with clinical approach. Highlights important portions like clinical aspects/significance for better understanding. Provides colour photographs to make the book more attractive. Includes MCQs, essay and short type questions at the end of each chapter to help the students for examination. Covers all the topics of current interests for the undergraduate and postgraduate students, teachers, and biochemists."</subfield>
  </datafield>
  <datafield tag="650" ind1=" " ind2=" ">
    <subfield code="2">Physiology</subfield>
    <subfield code="a">Medical Biochemistry</subfield>
    <subfield code="9">205334</subfield>
  </datafield>
  <datafield tag="700" ind1=" " ind2=" ">
    <subfield code="a">Shinde, Rana</subfield>
    <subfield code="9">205335</subfield>
  </datafield>
  <datafield tag="942" ind1=" " ind2=" ">
    <subfield code="2">ddc</subfield>
    <subfield code="c">BK</subfield>
  </datafield>
  <datafield tag="999" ind1=" " ind2=" ">
    <subfield code="c">233919</subfield>
    <subfield code="d">233919</subfield>
  </datafield>
  <datafield tag="952" ind1=" " ind2=" ">
    <subfield code="0">0</subfield>
    <subfield code="1">0</subfield>
    <subfield code="2">ddc</subfield>
    <subfield code="4">0</subfield>
    <subfield code="7">0</subfield>
    <subfield code="8">FSND</subfield>
    <subfield code="a">SACPG</subfield>
    <subfield code="b">SACPG</subfield>
    <subfield code="d">2025-03-08</subfield>
    <subfield code="e">Vidyarthi Books</subfield>
    <subfield code="g">1646.25</subfield>
    <subfield code="l">1</subfield>
    <subfield code="m">1</subfield>
    <subfield code="o">612.015 CHAT</subfield>
    <subfield code="p">PG024985</subfield>
    <subfield code="r">2026-04-15 09:26:13</subfield>
    <subfield code="s">2026-03-27</subfield>
    <subfield code="v">2195.00</subfield>
    <subfield code="w">2025-03-10</subfield>
    <subfield code="y">BK</subfield>
  </datafield>
  <datafield tag="952" ind1=" " ind2=" ">
    <subfield code="0">0</subfield>
    <subfield code="1">0</subfield>
    <subfield code="2">ddc</subfield>
    <subfield code="4">0</subfield>
    <subfield code="7">0</subfield>
    <subfield code="8">FSND</subfield>
    <subfield code="a">SACPG</subfield>
    <subfield code="b">SACPG</subfield>
    <subfield code="d">2025-03-08</subfield>
    <subfield code="e">Vidyarthi Books</subfield>
    <subfield code="g">1646.25</subfield>
    <subfield code="l">1</subfield>
    <subfield code="o">612.015 CHAT</subfield>
    <subfield code="p">PG024986</subfield>
    <subfield code="r">2026-03-02 10:36:13</subfield>
    <subfield code="s">2026-02-28</subfield>
    <subfield code="v">2195.00</subfield>
    <subfield code="w">2025-03-10</subfield>
    <subfield code="y">BK</subfield>
  </datafield>
</record>
